000 01628nam a2200469 i 4500
001 20667
003 KOSZ 005
005 20240405063028.0
008 200617s1979 pl a g 001 0 pol d
040 _aKOSZ 005
_cKOSZ 005/RW
045 _bd1918
_bd1939
046 _k1979
080 _a94(438).082.1
080 _a356.1(438)
100 1 _aBauer, Piotr
_d(1944-2007)
_eAutor
245 1 0 _a55 Poznański Pułk Piechoty w obronie Ojczyzny we wrześniu 1939 roku /
_cPiotr Bauer, Bogusław Polak.
246 1 3 _aPięćdziesiąty piąty Poznański Pułk Piechoty w obronie Ojczyzny we wrześniu 1939 roku
260 _aLeszno :
_b[s.n.],
_c1979.
300 _a210 stron :
_bilustracje ;
_c24 cm.
336 _aTekst
_btxt
_2rdacontent
337 _aBez urządzenia pośredniczącego
_bn
_2rdamedia
338 _aWolumin
_bnc
_2rdacarrier
380 _aKsiążki
380 _aPublikacje naukowe
388 _a1901-2000
388 _a1945-1989
504 _aBibliografia na stronach 167, 172-175. Indeks.
610 2 7 _a55 Poznański Pułk Piechoty
648 7 _a1901-2000
648 7 _a1918-1939
648 7 _a1939-1945
650 7 _aKampania wrześniowa (1939)
650 7 _aJednostki wojskowe
650 7 _aPiechota
651 7 _aPolska
655 7 _aWydawnictwo źródłowe
658 _aHistoria
658 _aBezpieczeństwo i wojskowość
700 1 _aPolak, Bogusław
_d(1945- )
_eAutor
856 _uhttp://koha.tu.koszalin.pl/cgi-bin/koha/opac-detail.pl?biblionumber=20667
_yKatalog online BPK
942 _2UKD
_cKS
999 _c20667
_d20667